Us weekly
| Título anterior: | Us (New York, N.Y. : 1985) |
|---|---|
| Formato: | Electrónico Revista |
| Lenguaje: | inglés |
| Publicado: |
New York :
Us Magazine LLC,
2000-
New York, NY : Us Weekly LLC |
| Materias: | |
| Acceso en línea: | Full text available from Research Library: 03/27/2000 to 02/18/2019 Full text available from Research Library: 03/27/2006 to 12/20/2010 |
MARC
| LEADER | 00000nas a2200000 a 4500 | ||
|---|---|---|---|
| 001 | ssj0015806 | ||
| 003 | WaSeSS | ||
| 005 | 20200512172242.0 | ||
| 006 | m d | ||
| 007 | cr n | ||
| 008 | 000316c20009999nyuwx p s 0 a0eng c | ||
| 010 | |a 00212324 | ||
| 022 | |l 1529-7497 |y 1529-7497 | ||
| 032 | |a 528970 |b USPS | ||
| 035 | |a (WaSeSS)ssj0015806 | ||
| 037 | |b Us Magazine, LLc, 1290 Avenue of the Americas, New York, NY 10104-0298 |c $52.00 | ||
| 040 | |a JED |b eng |c JED |d SVP |d NSD |d DLC |d NSD |d DLC |d TOH |d OCLCQ |d OCLCF |d OCLCO |d DLC |d OVY |d GRR |d OCLCO |d GZM |d RIHPL |d TR9 |d ZQP |d CCS |d OCLCO |d WaSeSS | ||
| 042 | |a nsdp |a pcc | ||
| 050 | 0 | 0 | |a AP2 |b .U844 |
| 082 | 1 | 0 | |a 051 |2 19 |
| 210 | 0 | |a Us wkly. | |
| 222 | 0 | |a Us weekly | |
| 245 | 0 | 0 | |a Us weekly |h [electronic resource]. |
| 260 | |3 2000- : |a New York : |b Us Magazine LLC, |c 2000- | ||
| 260 | 3 | |3 <2012-> : |a New York, NY : |b Us Weekly LLC | |
| 310 | |a Thirty four issues a year, |b <Nov. 26/Dec. 3, 2001-> | ||
| 321 | |a Weekly (issued irregularly), |b <Mar. 27, 2000-> | ||
| 362 | 0 | |a Issue 267 (Mar. 27, 2000)-Issue 1167 (June 26, 2017) ; [Vol. 41]: Issue 27 (July 3, 2017)- | |
| 500 | |a Title from cover. | ||
| 506 | |a License restrictions may limit access. | ||
| 515 | |a Issue 267 also called Premiere issue. | ||
| 515 | |a Issue numbering restarted at Issue 27, effective with the publication dated July 3, 2017. Per 2017 and 2018 editorial calendars, it appears as though numbering will restart at Issue 1 with the first January issue annually. No volume number appeared on Issue 27 or 28, but is given in the indicia as Volume 41, beginning with Issue 29 (July 17, 2017) | ||
| 650 | 0 | |a Celebrities |x Periodicals. | |
| 650 | 7 | |a Celebrities. |2 fast |0 (OCoLC)fst00850072 | |
| 655 | 0 | |a Electronic journals. | |
| 780 | 0 | 0 | |t Us (New York, N.Y. : 1985) |x 0147-510X |w (DLC) 85643220 |w (OCoLC)12819655 |
| 850 | |a DLC | ||
| 856 | 4 | 0 | |z Full text available from Research Library: 03/27/2000 to 02/18/2019 |u https://search.proquest.com/publication/8467 |
| 856 | 4 | 0 | |z Full text available from Research Library: 03/27/2006 to 12/20/2010 |u https://search.proquest.com/publication/38317 |